| 000 | 01516nam a22002297a 4500 | ||
|---|---|---|---|
| 005 | 20251004093428.0 | ||
| 008 | 240919b ||||| |||| 00| 0 eng d | ||
| 020 | _a9781529938593 | ||
| 040 | _cAL | ||
| 041 | _aEnglish | ||
| 082 |
_223 _a158.1 _bGARF |
||
| 100 |
_aHector Garcia and others _9241440 |
||
| 245 | _aFour purusharthas: the path to happiness success and a meaningful life | ||
| 260 |
_aLondon _bCornerstone Press _c2024 |
||
| 300 |
_axiv,224 _bHB _c18.3x13 cm. |
||
| 365 |
_aBLCR-000030 _b₹479.00 _c₹ _d₹599.00 _e20% _f11-09-2024 |
||
| 520 | _aDISCOVER A NEW LIFE-CHANGING SECRET FOR HAPPINESS AND SUCCESS Purushartha (n.): The ultimate purpose of human beings. In Hindu philosophy, there are four goals that all human beings strive for: virtue, prosperity, love and freedom. These are the four purusharthas. Having helped people all over the world live longer with their book on the Japanese concept of ikigai, the authors are now on a mission to honour the balanced way of life they discovered in India. Inspiring and comforting, this book shares the ancient wisdom of the four purusharthas to help you awaken your creative potential, free yourself from stress and fear, and live with greater energy. By using the four purusharthas to align yourself, you can unlock the key to a life full of inspiration, beauty, peace, and meaning. | ||
| 650 |
_aApplied Psychology _9179584 |
||
| 700 |
_aMIRALLES (Francesc) _9179586 |
||
| 700 |
_aWHITTLE (Charlotte) Tr _9179587 |
||
| 942 |
_2ddc _cBK |
||
| 999 |
_c231850 _d231850 |
||